History Quiz

Random History or Clickable Quiz

Was I Alive? II Quiz Stats

 Plays Quiz Updated Feb 21, 2016

Also try: Was I Alive?
Challenge
Share
Tweet
Embed
Score 0/21 Timer 07:00
0 Plays Today
% Correct
Hillary Rodham Clinton
77.2%
Elvis Presley
65.3%
Galileo Galilei
61.7%
Adolf Hitler
60.6%
Fred Astaire
55.6%
Babe Ruth
55.5%
George Washington
52.1%
Napoleon Bonaparte
49.1%
John D. Rockefeller
47.1%
Isaac Newton
46.9%
Oliver Cromwell
36.8%
% Correct
Johann Sebastian Bach
35.1%
Sitting Bull
34.3%
Lewis Carroll
32.9%
Pablo Picasso
32.5%
Peter the Great
32.2%
Wolfgang Amadeus Mozart
28.8%
Rembrandt
26.7%
Pocahontas
22.6%
Jane Austen
20.5%
Immanuel Kant
19.6%

You're not logged in!

Compare scores with friends on all Sporcle quizzes.
OR
Log In

You Might Also Like...

Show Comments

Extras

Top Quizzes Today


Score Distribution

Your Account Isn't Verified!

In order to create a playlist on Sporcle, you need to verify the email address you used during registration. Go to your Sporcle Settings to finish the process.

Report this User

Report this user for behavior that violates our Community Guidelines.

Details: